| 000 | 00548nam a22001937a 4500 | ||
|---|---|---|---|
| 005 | 20251108164941.0 | ||
| 008 | 250721s1988 xx 000 0 ara d | ||
| 082 | 1 | 4 | _a216.917/نحو |
| 100 | 1 | _aالنحوي، عدنان علي رضا | |
| 245 | 1 | 0 | _aالشورى و ممارستها الإيمانية / |
| 250 | _aط3 | ||
| 264 | 1 |
_aالرياض : _bدار النحوي، _c1988. |
|
| 300 | _a673ص | ||
| 650 | 1 | 7 | _aالإسلام |
| 650 | 1 | 7 | _aالفقه الإسلامي |
| 650 | 1 | 7 | _aالشورى |
| 942 |
_2ddc _cBK |
||
| 999 |
_c18218 _d18218 |
||